00393nam a2200133Ia 4500008004100000041001200041082002300053100001700076245007700093250001200170260003600182300000800218650003300226231221s9999 xx 000 0 und d aEnglish a001.6423 CHI;1 R aChitra Ravi. 0aDesign and analysis of algorithms : for VI sem BCA bangalore university a2nd ed. c2011bSubhash StoresaBangalore a331 aVI, BC, bangalor, university